Indovina i calciatori in base al loro percorsi di carriera #2 - Statistics

Statistiche generali
  • Questo quiz è stato fatto 594 volte
  • Il punteggio medio è 8 su 10
Statistiche sulle risposte
Giocatori Club % Corretto
Lionel Messi
96%
Zlatan Ibrahimovic
96%
Paolo Maldini | Franco Baresi
95%
Cristiano Ronaldo
94%
Kaká
83%
Thierry Henry
74%
Steven Gerrard
71%
Iker Casillas
69%
Ruud Gullit
64%
Petr Čech
51%
Nessun quiz corrispondente trovato
Distribuzione punteggi
Percentuale di utenti per punteggio
Percentile per numero di risposta
I tuoi punteggi nel tempo
Non hai fatto questo quiz